Проектирование инфраструктуры Active Directory и сети на основе Microsoft Windows Server 2003: пер. с англ.

Detaylı Bibliyografya
Yazar: Гленн У. Уолтер
Diğer Yazarlar: Симпсон М. Т. Майкл Т.
Özet:Этот учебный курс посвящен проектированию инфраструктуры службы каталогов Active Directory и сетей на основе Microsoft Windows Server 2003. Книга содержит необходимые сведения о сетевых технологиях Windows Server 2003, описание основных принципов проектирования сети, отвечающей требованиями конкретной организации, и внедрения в ней Active Directory. Освоив теоретические материалы и выполнив практические задания курса, вы получите знания и навыки, необходимые проектировщику сетевой инфраструктуры и службы каталогов. Книга адресована всем, кто хочет освоить методологию проектирования сетей на основе Microsoft Windows Server 2003 и внедрения Active Directory. Настоящий учебный курс поможет вам самостоятельно подготовиться к сдаче экзамена по программе сертификации Microsoft (сертификат Microsoft Certified System Engineer) 70-297: Designing a Microsoft Windows Server 2003 Active Directory and Network Infrastructure. Книга состоит из 10 глав и предметного указателя, содержит множество иллюстраций и примеров из практики. На прилагаемом компакт-диске находятся электронная версия книги на английском языке, вопросы пробного экзамена, словарь терминов и др. справочные материалы.
Dil:Rusça
Baskı/Yayın Bilgisi: СПб., Питер, 2006
Seri Bilgileri:Официальное пособие для самоподготовки
Учебный курс Microsoft
Konular:
Materyal Türü: Bilinmiyor
KOHA link:https://koha.lib.tpu.ru/cgi-bin/koha/opac-detail.pl?biblionumber=90927

MARC

LEADER 00000nmm0a2200000 4500
001 90927
005 20231031103759.0
010 |a 5469011801 
010 |a 5-7502-0031-0 
035 |a (RuTPU)RU\TPU\book\97498 
090 |a 90927 
100 |a 20060216d2006 m y0rusy50 ca 
101 1 |a rus  |c eng 
102 |a RU 
105 |a a j 001zy 
200 1 |a Проектирование инфраструктуры Active Directory и сети на основе Microsoft Windows Server 2003  |e пер. с англ.  |f У. Гленн, М. Т. Симпсон 
210 |a СПб.  |c Питер  |d 2006 
215 |a 342 с.  |c ил.  |e CD-ROM 
225 1 |a Официальное пособие для самоподготовки 
225 1 |a Учебный курс Microsoft 
320 |a Предметный указатель: с. 336-341. 
330 |a Этот учебный курс посвящен проектированию инфраструктуры службы каталогов Active Directory и сетей на основе Microsoft Windows Server 2003. Книга содержит необходимые сведения о сетевых технологиях Windows Server 2003, описание основных принципов проектирования сети, отвечающей требованиями конкретной организации, и внедрения в ней Active Directory. Освоив теоретические материалы и выполнив практические задания курса, вы получите знания и навыки, необходимые проектировщику сетевой инфраструктуры и службы каталогов. Книга адресована всем, кто хочет освоить методологию проектирования сетей на основе Microsoft Windows Server 2003 и внедрения Active Directory. Настоящий учебный курс поможет вам самостоятельно подготовиться к сдаче экзамена по программе сертификации Microsoft (сертификат Microsoft Certified System Engineer) 70-297: Designing a Microsoft Windows Server 2003 Active Directory and Network Infrastructure. Книга состоит из 10 глав и предметного указателя, содержит множество иллюстраций и примеров из практики. На прилагаемом компакт-диске находятся электронная версия книги на английском языке, вопросы пробного экзамена, словарь терминов и др. справочные материалы. 
610 1 |a программирование 
610 1 |a сетевая инфраструктура 
610 1 |a Active Directory 
610 1 |a службы каталогов 
610 1 |a администрирование 
610 1 |a Windows Server 2003 
610 1 |a самоучители 
610 1 |a учебные пособия 
675 |a 681.3.066(075.4)  |v 3 
700 1 |a Гленн  |b У.  |g Уолтер 
701 1 |a Симпсон  |b М. Т.  |g Майкл Т. 
801 1 |a RU  |b 63413507  |c 20060216  |g PSBO 
801 2 |a RU  |b 63413507  |c 20100525  |g PSBO 
900 |a Администрирование информационных систем 
900 |a Администрирование в информационных системах 
942 |c MX 
959 |a 16/20060216  |d 1  |e 0  |f ЭЧЗ:1 
959 |a 76/20060901  |d 1  |e 336,00  |f НФ:1